Disha's inorganic __ chemistry : (Record no. 9352)

MARC details
000 -LEADER
fixed length control field 00645 a2200205 4500
010 ## - LIBRARY OF CONGRESS CONTROL NUMBER
LC control number ENG-88849
020 ## - INTERNATIONAL STANDARD BOOK NUMBER
Terms of availability 180.00
035 ## - SYSTEM CONTROL NUMBER
System control number EN-72382
037 ## - SOURCE OF ACQUISITION
Source of stock number/acquisition DBAD / PUB
082 14 - DEWEY DECIMAL CLASSIFICATION NUMBER
Classification number 546
090 ## - LOCALLY ASSIGNED LC-TYPE CALL NUMBER (OCLC); LOCAL CALL NUMBER (OCLC)
-- 9526
-- 9526
100 1# - MAIN ENTRY--PERSONAL NAME
Personal name Joshi, Deepak
245 1# - TITLE STATEMENT
Title Disha's inorganic __ chemistry :
Statement of responsibility, etc by Deepak Joshi
Remainder of title based on new pattern of IIT-JEE /
260 ## - PUBLICATION, DISTRIBUTION, ETC. (IMPRINT)
Place of publication, distribution, etc New Delhi
Name of publisher, distributor, etc Disha Publications
Date of publication, distribution, etc 2007
300 ## - PHYSICAL DESCRIPTION
Extent 192+44p. :
Dimensions 28cm ( pbk)
500 ## - GENERAL NOTE
General note Recd. V.1 only
505 ## - FORMATTED CONTENTS NOTE
Formatted contents note v.1-Qualitative analysis
942 ## - ADDED ENTRY ELEMENTS (KOHA)
Institution code [OBSOLETE] dpl
Koha item type English Books
Call number prefix 546 / JOS
Holdings
Withdrawn status Lost status Source of classification or shelving scheme Damaged status Not for loan Collection code Home library Current library Source of acquisition Cost, normal purchase price Total Checkouts Full call number Barcode Date last seen Copy number Uniform Resource Identifier Cost, replacement price Price effective from Koha item type
    Dewey Decimal Classification   Not For Loan Non-fiction D.B.Act.Division D.B.Act.Division DBAD/PUB 180.00   546 JOS EN-72382 15/09/2008 1 10332 180.00 15/09/2008 English Books

© Delhi Public Library
Hit Counter
free hit counter